| 000 | 00909cam a2200313 a 4500 | ||
|---|---|---|---|
| 001 | 22757 | ||
| 003 | SK-KTurca | ||
| 005 | 20260423102506.0 | ||
| 008 | 160624s1992 xo 0000f cze | ||
| 015 | _aSNBA1992/08 | ||
| 020 | _a8085597020 | ||
| 035 | _aSNK000011580 | ||
| 040 |
_aSNK _bslo _cSNK _eAACR2 |
||
| 041 | 0 |
_acze _heng |
|
| 044 |
_axo _cSK |
||
| 080 |
_a820 (73)-3=850 _21981 |
||
| 100 | 1 |
_aLeonard, Elmore, _d1925-2013 _4aut |
|
| 240 | 1 | 0 |
_aGet Shorty _lČesky |
| 245 | 1 |
_aChyťte ho! _cElmore Leonard ; přeložila Alena Kováčová |
|
| 250 | _a1. vyd. | ||
| 260 |
_aBratislava _bS Aktuell _c1992 _eBrno _fSpektrum |
||
| 300 |
_a302 s. _c17 cm |
||
| 500 | _aPreložené z angličtiny | ||
| 655 | 7 |
_aamerické romány _2SNKPH |
|
| 655 | 7 |
_adetektívne romány _2SNKPH |
|
| 700 | 1 |
_aKováčová, Alena _4trl |
|
| 942 |
_2ddc _cKLDO _n0 |
||
| 999 |
_c22757 _d22757 |
||